Animated Movies by Picture - R - Statistics

General Stats
  • This quiz has been taken 388 times
  • The average score is 8 of 12
Answer Stats
Picture Answer % Correct
Ratatouille
97%
Ralph Breaks the Internet
94%
Rio
93%
Robin Hood
88%
Rango
86%
Robots
75%
Raya and the Last Dragon
73%
The Rescuers
47%
Rise of the Guardians
45%
The Road to El Dorado
42%
Ruby Gillman, Teenage Kraken
20%
The Red Turtle
15%
No matching quizzes found
Score Distribution
Percent of People with Each Score
Percentile by Number Answered
Your Score History
You have not taken this quiz